| 000 | 00880 a2200169 4500 | ||
|---|---|---|---|
| 003 | Nust | ||
| 005 | 20221017133338.0 | ||
| 040 | _cNust | ||
| 082 | _a005.7565,MIC | ||
| 245 |
_aInformation Technology : _bMicrosoft Access. 2000 / _cMicrosoft |
||
| 250 | _a1st Ed | ||
| 260 |
_aUK _bInformatics _c2000: |
||
| 300 | _a12-9 & B-8 P.: | ||
| 505 | _aUsing The Office Assistant And Help (Page-1-1), Using Menus And Toolbars (Page-2-1), Exploring The Access 2000 Environment (Page-3-1), Table Design (Page-4-1), Entering And Editing Table Data (Page-5-1), Importing Objects And Data Into Tables (Page-6-1), Understanding File Procedures (Page-7-1), Querying In Access 2000 (Page-8-1), Working With Forms (Page-9-1), Working With Reports (Page-10-1), Creating Relationships (Page-11-1), Creating Macros (Page-12-1). | ||
| 650 | _aInformation Technology | ||
| 942 |
_2ddc _cBK _k005.7565,MIC |
||
| 999 |
_c180032 _d180032 |
||